Elementary number theory / (Record no. 6642)
[ view plain ]
| 000 -LEADER | |
|---|---|
| fixed length control field | 01227cam a2200181 a 4500 |
| 020 ## - INTERNATIONAL STANDARD BOOK NUMBER | |
| ISBN | 9780073051888 (alk. paper) |
| 020 ## - INTERNATIONAL STANDARD BOOK NUMBER | |
| ISBN | 0073051888 (alk. paper) |
| 050 00 - CALL NUMBER | |
| Classification number | QA241 |
| Item number | .B83 |
| 100 1# - AUTHOR | |
| Personal name | Burton, David M. |
| 245 10 - TITLE | |
| Title | Elementary number theory / |
| Statement of responsibility, etc | David M. Burton. |
| 250 ## - EDITION | |
| Edition statement | 6th ed. |
| 260 ## - PUBLICATION INFORMATION | |
| Place of publication | Boston : |
| Name of publisher | McGraw-Hill Higher Education, |
| Year of publication | c2007. |
| 300 ## - DESCRIPTION | |
| Number of Pages | xiii, 434 p. : |
| Other physical details | ill. ; |
| Dimensions | 25 cm. |
| 500 ## - NOTES | |
| General note | Includes index. |
| 505 ## - FORMATTED CONTENTS NOTE | |
| Table of Content | Chapter 1. Preliminaries --<br/>Chapter 2. Divisibility theory in the integers --<br/>Chapter 3. Primes and their distribution --<br/>Chapter 4. The theory of congruences --<br/>Chapter 5. Fermat's theorem --<br/>Chapter 6. Number-theoretic functions --<br/>Chapter 7 Euler's generalization of Fermat's theorem --<br/>Chapter 8. Primitive roots and indices --<br/>Chapter 9. The quadratic reciprocity law --<br/>Chapter 10 Introduction to cryptography --<br/>Chapter 11. Numbers of special form --<br/>Chapter 12. Certain nonlinear diophantine equations --<br/>Chapter 13. Representation of integers as sums of squares --<br/>Chapter 14. Fibonacci numbers --<br/>Chapter 15. Continued fractions --<br/>Chapter 16. Some twentieth-century developments --<br/>Miscellaneous problems -- |
| 650 #0 - SUBJECTS | |
| Topical Term | Number theory. |
| 942 ## - ADDED ENTRY ELEMENTS (KOHA) | |
| Koha item type | Books |
| Withdrawn status | Lost status | Home library | Current library | Shelving location | Date acquired | Full call number | Accession Number | Koha item type |
|---|---|---|---|---|---|---|---|---|
| Methodist University Library Main | Methodist University Library Main | General Stacks | 06/07/2017 | QA241 .B83 | 4446 | Books |